Základy zpracování a využití ropy

Saved in:
Bibliographic Details
Main Authors Blažek, Josef (Author), Rábl, Vratislav, 1931-2007 (Author)
Corporate Author Vysoká škola chemicko-technologická v Praze
Format Book
LanguageCzech
Published Praha : Vydavatelství VŠCHT, 2006
EditionVyd. 2., přeprac.
Subjects
Online AccessDigitalizovaný dokument
ISBN80-7080-619-2
Physical Description254 s. : il. ; 28 cm

Cover

LEADER 00000nam a2200000 a 4500
001 115704
003 CZ-ZlUTB
005 20260529085401.0
007 ta
008 070111s2006 xr a e p 000 0 cze
015 |a cnb001704626 
020 |a 80-7080-619-2  |q (brož.) 
035 |a (OCoLC)124089884 
040 |a ABA001  |b cze 
072 7 |a 665  |x Oleje. Tuky. Vosky. Pojiva. Pryskyřice  |2 Konspekt  |9 19 
072 7 |a 37.016  |x Učební osnovy. Vyučovací předměty. Učebnice  |2 Konspekt  |9 22 
080 |a 665.61  |2 MRF 
080 |a 665.6/.7  |2 MRF 
080 |a 665.6  |2 MRF 
080 |a (075.8)  |2 MRF 
100 1 |a Blažek, Josef  |7 jx20041119014  |4 aut 
245 1 0 |a Základy zpracování a využití ropy /  |c Josef Blažek, Vratislav Rábl 
250 |a Vyd. 2., přeprac. 
260 |a Praha :  |b Vydavatelství VŠCHT,  |c 2006 
300 |a 254 s. :  |b il. ;  |c 28 cm 
500 |a 500 výt. 
504 |a Obsahuje bibliografii 
550 |a Vydavatel: Vysoká škola chemicko-technologická v Praze 
650 0 7 |a ropa  |7 ph116059  |2 czenas 
650 0 7 |a ropný průmysl  |7 ph125220  |2 czenas 
650 0 7 |a ropné produkty  |7 ph125219  |2 czenas 
650 0 7 |a zpracování ropy  |7 ph153548  |2 czenas 
650 0 9 |a petroleum  |2 eczenas 
650 0 9 |a petroleum industry  |2 eczenas 
650 0 9 |a petroleum products  |2 eczenas 
650 0 9 |a petroleum processing  |2 eczenas 
655 7 |a učebnice vysokých škol  |7 fd133772  |2 czenas 
655 9 |a textbooks (higher)  |2 eczenas 
700 1 |a Rábl, Vratislav,  |d 1931-2007  |7 jo20000082583  |4 aut 
710 2 |a Vysoká škola chemicko-technologická v Praze  |7 kn20010710384 
856 4 1 |u https://ndk.cz/uuid/uuid:15af9540-cf3e-11e7-9c14-005056827e51  |y Digitalizovaný dokument 
901 |a 80-7080-619-2  |f 2., přeprac. vyd.  |g Chybné ISBN vedeno na rubu titulního listu  |o 20070326 
910 |a ZLD002 
942 |2 udc 
952 |0 0  |1 0  |4 0  |5 0  |6 S665BLAŽEKJ  |7 -1  |8 BOOK  |9 191283  |a UTBZL  |b UTBZL  |c 037  |d 2026-05-25  |l 0  |o S665/BLAŽEK,J.  |p 420010201890  |r 2026-05-25 10:51:12  |v 219.00  |w 2026-05-25  |x N:nákup  |y 01 
992 |b SK 
999 |c 115704  |d 115704